00549nam a22001692 4500001001100000005001700011008004100028020002000069040000800089100003000097245005500127260005100182300003700233504005200270650003300322050002400355000001027820140825164405.0070206s1995 tnua b 000 0 eng d a0785279156 (hc) aPUL1 aGraham, Franklin,d1952-.10aRebel with a cause :bThomas Nelson, Inc /cc1995. aNashville, Tenn :bThomas Nelson, Inc,cc1995. axiv, 314 p. :bill ;c24 cm. aIncludes bibliographical references (p. [315]). 0aChurch charitiesxBiography. aHV530.G73bA3b1995